[Event "ROM-ch U08"]
[Site "Calimanesti Caciulata"]
[Date "2019.04.16"]
[Round "2"]
[White "Dinca, Radu Alexandru"]
[Black "Badea, Andrei Mihai"]
[Result "0-1"]
[WhiteElo "1001"]
[BlackElo "1054"]
[PlyCount "44"]
[EventDate "2019.04.15"]
[EventType "swiss"]
[EventRounds "9"]
[EventCountry "ROU"]
[SourceTitle "CBM 190 Extra"]
[Source "ChessBase"]
[SourceDate "2019.07.15"]
[SourceVersion "1"]
[SourceVersionDate "2019.07.15"]
[SourceQuality "1"]

1. e4 c5 2. Bc4 a6 3. Qh5 e6 4. Nf3 b5 5. Ng5 g6 6. Qf3 Qxg5 7. 0-0 bxc4 8. d3 cxd3 9. Bxg5 dxc2 10. Nc3 Nc6 11. Qe2 Nd4 12. Qc4 a5 13. Be3 Ba6 14. Qa4 Bxf1 15. Rxf1 Rb8 16. Bxd4 cxd4 17. Qxd4 f6 18. Qa7 Rxb2 19. Qxa5 Bb4 20. Qa8+ Kf7 21. a4 Bxc3 22. Rd1 cxd1Q# 0-1